[Event "Simferopol/Alushta"]
[Site "Alushta"]
[Date "1992.??.??"]
[Round "?"]
[White "Yilmaz, Turhan"]
[Black "Kharlov, Andrei"]
[Result "1/2-1/2"]
[WhiteElo "2385"]
[BlackElo "2555"]
[PlyCount "40"]
[EventDate "1992.??.??"]
[EventType "tourn"]
[EventRounds "9"]
[EventCountry "UKR"]
[EventCategory "10"]
[SourceTitle "EXT 1997"]
[Source "ChessBase"]
[SourceDate "1996.11.15"]
[SourceVersion "1"]
[SourceVersionDate "1996.11.15"]
[SourceQuality "1"]

1. e4 c5 2. d3 d5 3. exd5 Nf6 4. Nf3 Nxd5 5. g3 g6 6. Bg2 Bg7 7. O-O O-O 8.
Nbd2 Nc6 9. Re1 b6 10. Nc4 Bb7 11. b4 b5 12. Ng5 Nd4 13. c3 Nf5 14. a4 Qc7 15.
Bd2 Rad8 16. Qe2 Nb6 17. a5 Nh6 18. a6 Bc8 19. Ne5 Ng4 20. d4 c4 1/2-1/2

[Event "Bern op"]
[Site "Bern"]
[Date "1992.??.??"]
[Round "5"]
[White "Kharlov, Andrei"]
[Black "Gheorghiu, Florin"]
[Result "0-1"]
[WhiteElo "2545"]
[BlackElo "2500"]
[PlyCount "104"]
[EventDate "1992.02.??"]
[EventType "swiss"]
[EventRounds "9"]
[EventCountry "SUI"]
[SourceTitle "CBM 028"]
[Source "ChessBase"]
[SourceDate "1992.06.01"]
[SourceVersion "1"]
[SourceVersionDate "1992.06.01"]
[SourceQuality "1"]

1. e4 c5 2. Nf3 e6 3. c3 d5 4. e5 d4 5. cxd4 cxd4 6. Bb5+ Bd7 7. Nxd4 Bxb5 8.
Nxb5 Nc6 9. O-O a6 10. N5c3 Nge7 11. Re1 Ng6 12. b3 Be7 13. Na3 O-O 14. Bb2
Ngxe5 15. d4 Ng6 16. d5 Nb4 17. Qd4 a5 18. Rad1 Bf6 19. Qd2 exd5 20. Nab5 Rc8
21. a3 d4 22. Ne4 Rc2 23. Nxf6+ Qxf6 24. Qxd4 Rxb2 25. Qxf6 gxf6 26. axb4 Rxb3
27. Rb1 Rxb4 28. Rxb4 axb4 29. Rb1 Ra8 30. g3 Ra4 31. f4 Ne7 32. Kf2 Ra2+ 33.
Kf3 Nc6 34. h4 h5 35. Ke4 Re2+ 36. Kd5 Re3 37. Nd6 Rxg3 38. Nxb7 Ne7+ 39. Ke4
b3 40. Nc5 Rg4 41. Rxb3 Ng6 42. Nd3 Rxh4 43. Rb1 Rh3 44. Nb4 Ra3 45. Nd5 Kg7
46. Rg1 Ra4+ 47. Ke3 Ra5 48. Kd4 f5 49. Rg5 h4 50. Rxf5 h3 51. Rh5 Ne7 52. Rg5+
Kf8 0-1

[Event "Bern op"]
[Site "Bern"]
[Date "1992.??.??"]
[Round "6"]
[White "Mircov, Nicolae"]
[Black "Kharlov, Andrei"]
[Result "0-1"]
[WhiteElo "2290"]
[BlackElo "2545"]
[PlyCount "78"]
[EventDate "1992.02.??"]
[EventType "swiss"]
[EventRounds "9"]
[EventCountry "SUI"]
[SourceTitle "CBM 028"]
[Source "ChessBase"]
[SourceDate "1992.06.01"]
[SourceVersion "1"]
[SourceVersionDate "1992.06.01"]
[SourceQuality "1"]

1. e4 c5 2. Nf3 Nc6 3. d4 cxd4 4. Nxd4 Nf6 5. Nc3 e5 6. Ndb5 d6 7. Bg5 a6 8.
Na3 b5 9. Bxf6 gxf6 10. Nd5 Bg7 11. c3 f5 12. exf5 Bxf5 13. Qf3 Be6 14. Nf6+
Bxf6 15. Qxc6+ Ke7 16. Be2 d5 17. O-O Qc8 18. Qb6 Rb8 19. Qa7+ Qb7 20. Qc5+ Ke8
21. f4 Rc8 22. Qe3 d4 23. Bf3 Qd7 24. cxd4 exf4 25. Qe2 Qxd4+ 26. Rf2 Bh4 27.
Bb7 Qxf2+ 28. Qxf2 Bxf2+ 29. Kxf2 Rc5 30. Bxa6 b4 31. Nb5 Rc2+ 32. Kf3 Rxb2 33.
Nc7+ Ke7 34. Nxe6 fxe6 35. Bc4 Rc8 36. Bb3 e5 37. g3 Rc3+ 38. Kg4 f3 39. h4 f2
0-1

[Event "Bern op"]
[Site "Bern"]
[Date "1992.??.??"]
[Round "9"]
[White "Kharlov, Andrei"]
[Black "Csom, Istvan"]
[Result "1-0"]
[WhiteElo "2545"]
[BlackElo "2490"]
[PlyCount "73"]
[EventDate "1992.02.??"]
[EventType "swiss"]
[EventRounds "9"]
[EventCountry "SUI"]
[SourceTitle "CBM 028"]
[Source "ChessBase"]
[SourceDate "1992.06.01"]
[SourceVersion "1"]
[SourceVersionDate "1992.06.01"]
[SourceQuality "1"]

1. e4 c5 2. c3 d5 3. exd5 Qxd5 4. d4 e6 5. Na3 Nf6 6. Nb5 Na6 7. Be3 cxd4 8.
Qxd4 Bc5 9. Qxc5 Qxc5 10. Bxc5 Nxc5 11. Nc7+ Kd8 12. Nxa8 Bd7 13. Nf3 Kc8 14.
b4 Na4 15. Ne5 Be8 16. c4 Ne4 17. Bd3 Nec3 18. Kd2 f6 19. Nf3 e5 20. Bf5+ Kb8
21. Rhc1 g6 22. Be6 Ne4+ 23. Ke3 Bc6 24. b5 Nec5 25. bxc6 Nxe6 26. Rab1 b6 27.
Nxb6 axb6 28. Rd1 Nc3 29. Rxb6+ Kc7 30. Rb7+ Kxc6 31. Rdd7 Rc8 32. Ra7 Rb8 33.
Rd3 Rb2 34. Rxc3 Nf4 35. Nd2 Nxg2+ 36. Ke2 Nf4+ 37. Kd1 1-0

[Event "Budapest GM"]
[Site "Budapest"]
[Date "1992.??.??"]
[Round "?"]
[White "Atalik, Suat"]
[Black "Kharlov, Andrei"]
[Result "1-0"]
[WhiteElo "2455"]
[BlackElo "2545"]
[PlyCount "47"]
[EventDate "1992.03.??"]
[EventType "tourn"]
[EventRounds "11"]
[EventCountry "HUN"]
[EventCategory "9"]
[SourceTitle "EXT 1997"]
[Source "ChessBase"]
[SourceDate "1996.11.15"]
[SourceVersion "1"]
[SourceVersionDate "1996.11.15"]
[SourceQuality "1"]

1. d4 d5 2. c4 e6 3. Nf3 c6 4. e3 Nf6 5. Bd3 dxc4 6. Bxc4 c5 7. O-O a6 8. a3 b5
9. Ba2 Bb7 10. Nc3 Nbd7 11. Qe2 Qc7 12. e4 b4 13. axb4 cxb4 14. Nd5 exd5 15.
exd5+ Be7 16. Re1 O-O 17. Qxe7 Nxd5 18. Bxd5 Bxd5 19. Ne5 Rfe8 20. Qxb4 Nxe5
21. dxe5 Rxe5 22. Rxe5 Qxe5 23. Bf4 Qf5 24. h3 1-0

[Event "Budapest GM"]
[Site "Budapest"]
[Date "1992.??.??"]
[Round "?"]
[White "Horvath, Csaba"]
[Black "Kharlov, Andrei"]
[Result "1-0"]
[WhiteElo "2485"]
[BlackElo "2545"]
[PlyCount "97"]
[EventDate "1992.03.??"]
[EventType "tourn"]
[EventRounds "11"]
[EventCountry "HUN"]
[EventCategory "9"]
[SourceTitle "EXT 1997"]
[Source "ChessBase"]
[SourceDate "1996.11.15"]
[SourceVersion "1"]
[SourceVersionDate "1996.11.15"]
[SourceQuality "1"]

1. Nf3 d5 2. b3 Bg4 3. e3 e6 4. Bb2 Nf6 5. c4 Be7 6. h3 Bxf3 7. Qxf3 c6 8. g3
Nbd7 9. cxd5 cxd5 10. Bg2 O-O 11. O-O Qa5 12. Qe2 Rac8 13. Bc3 Bb4 14. a3 Bxc3
15. Nxc3 a6 16. Rfc1 Rc6 17. b4 Qc7 18. b5 axb5 19. Rcb1 Ra8 20. Nxb5 Qc8 21.
Kh2 Ne8 22. e4 dxe4 23. Bxe4 Rb6 24. d4 Ndf6 25. Bg2 h5 26. a4 Qd7 27. Qe5 Rc8
28. Rc1 Ra6 29. Rxc8 Qxc8 30. Qc5 Qd7 31. Nc3 b6 32. Qc4 Nc7 33. Bc6 Qd8 34.
Rb1 Qd6 35. Nb5 Nxb5 36. Qxb5 Ra5 37. Qxb6 Rf5 38. Qb8+ Qf8 39. Kg2 g5 40.
Qxf8+ Kxf8 41. Rb5 Ke7 42. Rxf5 exf5 43. Bb5 Ne4 44. a5 Nd6 45. Bc6 Nc8 46. a6
g4 47. h4 Na7 48. Bd5 f6 49. Kf1 1-0

[Event "Budapest GM"]
[Site "Budapest"]
[Date "1992.??.??"]
[Round "?"]
[White "Kharlov, Andrei"]
[Black "Hoffmann, Michael"]
[Result "1-0"]
[WhiteElo "2545"]
[BlackElo "2455"]
[PlyCount "197"]
[EventDate "1992.03.??"]
[EventType "tourn"]
[EventRounds "11"]
[EventCountry "HUN"]
[EventCategory "9"]
[SourceTitle "EXT 1997"]
[Source "ChessBase"]
[SourceDate "1996.11.15"]
[SourceVersion "1"]
[SourceVersionDate "1996.11.15"]
[SourceQuality "1"]

1. e4 c5 2. c3 g6 3. d4 cxd4 4. cxd4 d5 5. exd5 Nf6 6. Bc4 Bg7 7. Nc3 O-O 8.
Nf3 Nbd7 9. d6 exd6 10. O-O Nb6 11. Bb3 Bf5 12. Bf4 Re8 13. h3 Ne4 14. Nd5 Be6
15. Ne3 Rc8 16. Re1 d5 17. Re2 Nc4 18. Nxc4 dxc4 19. Rxe4 cxb3 20. axb3 a6 21.
Re3 Bd5 22. Ne5 Qb6 23. Rd3 Rcd8 24. Rc1 Be4 25. Rd2 Bd5 26. Nc4 Qe6 27. Qg4
Qxg4 28. hxg4 Re4 29. Bc7 Rde8 30. Nd6 Re1+ 31. Kh2 Rxc1 32. Nxe8 Bxb3 33. Be5
f6 34. Bxf6 Kf7 35. Bxg7 Kxe8 36. Rd3 Bd5 37. Re3+ Kf7 38. Bh8 Rc2 39. Re5 Be6
40. Kg3 Rd2 41. Rc5 Rd3+ 42. f3 Rb3 43. Rc7+ Ke8 44. Bf6 Bd7 45. Rc2 Kf7 46. g5
Rb5 47. Kf4 h5 48. Re2 Be6 49. g4 hxg4 50. fxg4 a5 51. Rh2 Bc4 52. Rc2 Bd3 53.
Rc3 Bb1 54. Re3 a4 55. Re7+ Kf8 56. Re1 Ba2 57. Be7+ Kf7 58. Ba3 Be6 59. Rh1
Ba2 60. Rh8 Bb1 61. Rd8 Ba2 62. Rf8+ Kg7 63. Ra8 Bb3 64. Bc5 Bd1 65. Rc8 Kf7
66. d5 Rxb2 67. d6 Ke6 68. Rc7 Rd2 69. Ke3 Rxd6 70. Bxd6 Kxd6 71. Rxb7 Bxg4 72.
Rb6+ Ke5 73. Rb5+ Kd6 74. Ra5 Bd1 75. Kd4 Ke6 76. Re5+ Kd6 77. Re8 Bc2 78. Rf8
Bf5 79. Ra8 Bc2 80. Ra6+ Ke7 81. Kd5 Bb3+ 82. Ke5 Bc2 83. Ra7+ Kd8 84. Ke6 Kc8
85. Kd6 Bb3 86. Rh7 Kb8 87. Kc6 Bd1 88. Rb7+ Kc8 89. Rc7+ Kb8 90. Kb6 Bb3 91.
Rc3 Ba2 92. Rc6 Bb1 93. Ka5 Bf5 94. Rc3 Bd7 95. Kb6 Bg4 96. Rc4 Bd7 97. Rf4 a3
98. Rf2 Be6 99. Re2 1-0

[Event "Budapest GM"]
[Site "Budapest"]
[Date "1992.??.??"]
[Round "?"]
[White "Kharlov, Andrei"]
[Black "Lukacs, Peter"]
[Result "1/2-1/2"]
[WhiteElo "2545"]
[BlackElo "2490"]
[PlyCount "126"]
[EventDate "1992.03.??"]
[EventType "tourn"]
[EventRounds "11"]
[EventCountry "HUN"]
[EventCategory "9"]
[SourceTitle "EXT 1997"]
[Source "ChessBase"]
[SourceDate "1996.11.15"]
[SourceVersion "1"]
[SourceVersionDate "1996.11.15"]
[SourceQuality "1"]

1. c4 e6 2. g3 d5 3. Bg2 dxc4 4. Qa4+ Nd7 5. Qxc4 a6 6. Qc2 Ngf6 7. Nf3 c5 8.
Nc3 Qc7 9. O-O b6 10. b3 Bb7 11. Bb2 Be7 12. Rac1 Rc8 13. Qb1 Qb8 14. Nd1 O-O
15. Ne3 Rfd8 16. Qa1 Ne8 17. Ng4 Nef6 18. Rc4 b5 19. Nxf6+ Bxf6 20. Bxf6 Nxf6
21. Rc2 Bd5 22. Ne5 Bxg2 23. Kxg2 Qb7+ 24. Kg1 Rc7 25. Rfc1 Rdc8 26. Qc3 Nd5
27. Qf3 f6 28. Ng4 Nb4 29. Qxb7 Rxb7 30. Rb2 Nd5 31. f3 Rbc7 32. d3 c4 33. bxc4
bxc4 34. dxc4 Rxc4 35. Rxc4 Rxc4 36. Kf2 Ra4 37. Ne3 Nc3 38. Rc2 Nxa2 39. Rc8+
Kf7 40. Rc7+ Kf8 41. Ng2 e5 42. Ne3 Nb4 43. Nf5 g6 44. Nd6 Nd5 45. Rxh7 Ra2 46.
Ne4 f5 47. Rd7 Nb6 48. Rb7 Na4 49. Nf6 Nc3 50. Ke3 f4+ 51. gxf4 exf4+ 52. Kxf4
Nxe2+ 53. Kg5 Nd4 54. Ne4 Nxf3+ 55. Kf6 Ke8 56. h3 Kd8 57. Rb3 Ra4 58. Nc5 Rf4+
59. Kxg6 Nh4+ 60. Kh7 Rf6 61. Ra3 Ke7 62. Rxa6 Rf3 63. Ra7+ Ke8 1/2-1/2

[Event "Budapest GM"]
[Site "Budapest"]
[Date "1992.??.??"]
[Round "?"]
[White "Kharlov, Andrei"]
[Black "Tolnai, Tibor"]
[Result "1/2-1/2"]
[WhiteElo "2545"]
[BlackElo "2490"]
[PlyCount "89"]
[EventDate "1992.03.??"]
[EventType "tourn"]
[EventRounds "11"]
[EventCountry "HUN"]
[EventCategory "9"]
[SourceTitle "EXT 1997"]
[Source "ChessBase"]
[SourceDate "1996.11.15"]
[SourceVersion "1"]
[SourceVersionDate "1996.11.15"]
[SourceQuality "1"]

1. e4 c5 2. c3 d5 3. exd5 Qxd5 4. d4 Nf6 5. Nf3 Nc6 6. dxc5 Qxc5 7. Na3 e6 8.
Nb5 Qe7 9. b3 a6 10. Ba3 Qd8 11. Nd6+ Bxd6 12. Qxd6 Qxd6 13. Bxd6 Ne4 14. Ba3
Nxc3 15. Bb2 Nd5 16. Bxg7 Rg8 17. Bb2 b5 18. g3 Ncb4 19. Ke2 Bb7 20. Rg1 Rc8
21. Ne1 Ke7 22. Bg2 Rgd8 23. Be4 f5 24. Bxd5 Nxd5 25. f3 b4 26. Rg2 Nc3+ 27.
Kf1 Nd1 28. Re2 Nxb2 29. Rxb2 f4 30. Ke2 Rc3 31. gxf4 Rd4 32. a3 bxa3 33. Rxa3
Rxf4 34. Kd2 Rc5 35. b4 Rb5 36. Kc3 Re5 37. Ra1 Bd5 38. Rg2 Kf6 39. Rg4 Rxg4
40. fxg4 Re2 41. Nd3 Rxh2 42. Rxa6 Rg2 43. Nf4 Rg3+ 44. Kd2 Ke5 45. Nxd5
1/2-1/2

[Event "Budapest GM"]
[Site "Budapest"]
[Date "1992.??.??"]
[Round "?"]
[White "Kharlov, Andrei"]
[Black "Tunik, Gennady"]
[Result "1-0"]
[WhiteElo "2545"]
[BlackElo "2450"]
[PlyCount "97"]
[EventDate "1992.03.??"]
[EventType "tourn"]
[EventRounds "11"]
[EventCountry "HUN"]
[EventCategory "9"]
[SourceTitle "EXT 1997"]
[Source "ChessBase"]
[SourceDate "1996.11.15"]
[SourceVersion "1"]
[SourceVersionDate "1996.11.15"]
[SourceQuality "1"]

1. d4 Nf6 2. c4 e6 3. Nc3 Bb4 4. Qc2 c5 5. dxc5 Na6 6. a3 Bxc3+ 7. Qxc3 Nxc5 8.
b4 Nce4 9. Qb2 d5 10. c5 h6 11. f3 Ng5 12. Qe5 Ngh7 13. Bb2 O-O 14. e3 Ne8 15.
Bd3 Bd7 16. Ne2 b6 17. Rc1 bxc5 18. Rxc5 Nhf6 19. O-O Ba4 20. Ra5 Nd7 21. Qg3
Nb6 22. Nd4 Qd6 23. Rc1 Bd7 24. f4 g6 25. e4 dxe4 26. Bxe4 Nd5 27. Nf5 exf5 28.
Bxd5 Rc8 29. Rxc8 Bxc8 30. Be5 Qd7 31. h3 Kh7 32. Qc3 f6 33. Qc5 Rh8 34. Bb8 g5
35. b5 Ng7 36. b6 Re8 37. Qc7 Re1+ 38. Kh2 Qe8 39. fxg5 hxg5 40. b7 Bxb7 41.
Bxb7 Kg6 42. Ra6 f4 43. Qc3 Nh5 44. Bf3 Re3 45. Qc2+ Kh6 46. Bxh5 Qxh5 47.
Rxf6+ Kg7 48. Rd6 Qe8 49. Bxa7 1-0

[Event "Budapest GM"]
[Site "Budapest"]
[Date "1992.??.??"]
[Round "?"]
[White "Leko, Peter"]
[Black "Kharlov, Andrei"]
[Result "1-0"]
[WhiteElo "2385"]
[BlackElo "2545"]
[PlyCount "53"]
[EventDate "1992.03.??"]
[EventType "tourn"]
[EventRounds "11"]
[EventCountry "HUN"]
[EventCategory "9"]
[SourceTitle "EXT 1997"]
[Source "ChessBase"]
[SourceDate "1996.11.15"]
[SourceVersion "1"]
[SourceVersionDate "1996.11.15"]
[SourceQuality "1"]

1. e4 c6 2. Nc3 d5 3. Nf3 g6 4. d4 Bg7 5. h3 Nh6 6. Bf4 f6 7. Qd2 Nf7 8. O-O-O
O-O 9. Kb1 b5 10. exd5 b4 11. Na4 Qa5 12. Nc5 cxd5 13. g4 e5 14. Be3 e4 15. Ne1
Re8 16. f3 Nd7 17. Nb3 Qa4 18. fxe4 dxe4 19. Ng2 Bb7 20. Nf4 g5 21. Nh5 Bd5 22.
h4 h6 23. Qf2 Nd6 24. hxg5 fxg5 25. Nxg7 Kxg7 26. Rxh6 Kxh6 27. Qh4+ 1-0

[Event "Budapest GM"]
[Site "Budapest"]
[Date "1992.??.??"]
[Round "?"]
[White "Yilmaz, Turhan"]
[Black "Kharlov, Andrei"]
[Result "1-0"]
[WhiteElo "2390"]
[BlackElo "2545"]
[PlyCount "99"]
[EventDate "1992.03.??"]
[EventType "tourn"]
[EventRounds "11"]
[EventCountry "HUN"]
[EventCategory "9"]
[SourceTitle "EXT 1997"]
[Source "ChessBase"]
[SourceDate "1996.11.15"]
[SourceVersion "1"]
[SourceVersionDate "1996.11.15"]
[SourceQuality "1"]

1. e4 c5 2. Nf3 Nc6 3. d4 cxd4 4. Nxd4 Nf6 5. Nc3 e5 6. Nf5 d5 7. exd5 Bxf5 8.
dxc6 bxc6 9. Qf3 Qd7 10. Bc4 Be6 11. Bb3 Bb4 12. O-O O-O 13. Qg3 Bxc3 14. Qxc3
Rfe8 15. Be3 Bd5 16. Rad1 a5 17. f3 h6 18. Ba4 Qb7 19. b3 Nd7 20. Rfe1 Red8 21.
Bf2 f6 22. Qe3 Qc7 23. Rd3 f5 24. Rd2 f4 25. Qe2 Re8 26. c4 Bf7 27. Red1 Nf6
28. Rd6 Ra6 29. Bh4 Re6 30. c5 Ra8 31. Rxe6 Bxe6 32. Rd6 Bd5 33. Qxe5 Re8 34.
Qxf4 Qe7 35. h3 Rf8 36. Qd2 Qe5 37. Bf2 Qa1+ 38. Kh2 Qe5+ 39. Bg3 Qe8 40. Qxa5
Bxf3 41. Qe1 Be4 42. b4 Kh8 43. Qe2 Rf7 44. Qd1 Rf8 45. Bb3 Bf5 46. Qd4 Kh7 47.
Be5 Ne4 48. Bxg7 Nxd6 49. Bxf8 Qxf8 50. cxd6 1-0

[Event "Arnold Cup"]
[Site "Gausdal"]
[Date "1992.??.??"]
[Round "1"]
[White "Kharlov, Andrei"]
[Black "Ward, Christopher"]
[Result "1-0"]
[WhiteElo "2555"]
[BlackElo "2440"]
[PlyCount "81"]
[EventDate "1992.04.??"]
[EventType "swiss"]
[EventRounds "9"]
[EventCountry "NOR"]
[SourceTitle "TD"]
[Source "ChessBase"]
[SourceDate "1994.03.01"]
[SourceVersion "1"]
[SourceVersionDate "1994.03.01"]
[SourceQuality "1"]

1. d4 Nf6 2. c4 e6 3. Nc3 Bb4 4. Qc2 O-O 5. a3 Bxc3+ 6. Qxc3 Qe8 7. Qc2 d6 8.
Bg5 Nfd7 9. e4 e5 10. d5 a5 11. Rd1 a4 12. Be3 Ra5 13. Ne2 Nc5 14. Ng3 c6 15.
Bxc5 dxc5 16. Be2 Qe7 17. O-O g6 18. Qc3 Ra8 19. Qe3 b6 20. f4 exf4 21. Qxf4
Nd7 22. Qc7 Qe5 23. Qxc6 Ra7 24. Rd2 Rd8 25. d6 Qg5 26. Rd5 Qe3+ 27. Kh1 Qb3
28. Rd2 Ne5 29. Qd5 Re8 30. Rc1 Rd7 31. Qa8 Qe3 32. Rcd1 Qb3 33. Rd5 Nxc4 34.
Bxc4 Qxc4 35. Qc6 Qa6 36. e5 Qb7 37. Qxa4 b5 38. Qf4 f5 39. Qg5 Rf7 40. Nh5 Be6
41. d7 1-0

[Event "Arnold Cup"]
[Site "Gausdal"]
[Date "1992.??.??"]
[Round "3"]
[White "Kharlov, Andrei"]
[Black "Kjeldsen, Jens"]
[Result "1-0"]
[WhiteElo "2555"]
[BlackElo "2365"]
[PlyCount "67"]
[EventDate "1992.04.??"]
[EventType "swiss"]
[EventRounds "9"]
[EventCountry "NOR"]
[SourceTitle "TD"]
[Source "ChessBase"]
[SourceDate "1994.03.01"]
[SourceVersion "1"]
[SourceVersionDate "1994.03.01"]
[SourceQuality "1"]

1. e4 e6 2. d4 d5 3. e5 c5 4. c3 Nc6 5. Nf3 Bd7 6. Be2 f6 7. O-O fxe5 8. Nxe5
Nf6 9. Bg5 Bd6 10. Bh5+ g6 11. Nxd7 Kxd7 12. dxc5 Bxc5 13. Bg4 Bd6 14. Bxf6
Qxf6 15. Qxd5 h5 16. Rd1 Qe7 17. Bh3 g5 18. Qb3 Kc7 19. Bxe6 Rae8 20. Na3 Qxe6
21. Nb5+ Kb8 22. Nxd6 Qxb3 23. axb3 Re2 24. Nc4 Rf8 25. f3 g4 26. Rd2 gxf3 27.
Rxe2 fxe2 28. Re1 b5 29. Nd6 Rd8 30. Ne4 Na5 31. b4 Nc4 32. Rxe2 Rd1+ 33. Kf2
Rb1 34. Nd2 1-0

[Event "Arnold Cup"]
[Site "Gausdal"]
[Date "1992.??.??"]
[Round "4"]
[White "Lyrberg, Patrik"]
[Black "Kharlov, Andrei"]
[Result "1-0"]
[WhiteElo "2425"]
[BlackElo "2555"]
[PlyCount "83"]
[EventDate "1992.04.??"]
[EventType "swiss"]
[EventRounds "9"]
[EventCountry "NOR"]
[SourceTitle "TD"]
[Source "ChessBase"]
[SourceDate "1994.03.01"]
[SourceVersion "1"]
[SourceVersionDate "1994.03.01"]
[SourceQuality "1"]

1. e4 c5 2. Nc3 Nc6 3. g3 g6 4. Bg2 Bg7 5. d3 d6 6. f4 e6 7. Nf3 Nge7 8. O-O
O-O 9. Be3 Rb8 10. Qd2 Nd4 11. Bf2 Nxf3+ 12. Bxf3 Nc6 13. Bg2 Qa5 14. a3 Bd7
15. g4 Nd4 16. f5 exf5 17. gxf5 gxf5 18. Bg3 fxe4 19. Bxe4 Nb5 20. b4 Qd8 21.
Nxb5 Bxb5 22. bxc5 dxc5 23. Rab1 Qd4+ 24. Kh1 Rbe8 25. Bf2 Qd7 26. Rg1 f6 27.
Qh6 Rxe4 28. dxe4 Bc6 29. Rbe1 Re8 30. Qf4 b6 31. Rg3 f5 32. h3 Kh8 33. Kh2
Bxe4 34. Reg1 Rg8 35. Rxg7 Qxg7 36. Rxg7 Kxg7 37. Bg3 h6 38. Qc7+ Kg6 39. Qxa7
Kh5 40. Qf7+ Rg6 41. c3 b5 42. Qe8 1-0

[Event "Arnold Cup"]
[Site "Gausdal"]
[Date "1992.??.??"]
[Round "5"]
[White "Kharlov, Andrei"]
[Black "Emms, John M"]
[Result "1-0"]
[WhiteElo "2555"]
[BlackElo "2455"]
[PlyCount "135"]
[EventDate "1992.04.??"]
[EventType "swiss"]
[EventRounds "9"]
[EventCountry "NOR"]
[SourceTitle "TD"]
[Source "ChessBase"]
[SourceDate "1994.03.01"]
[SourceVersion "1"]
[SourceVersionDate "1994.03.01"]
[SourceQuality "1"]

1. e4 e5 2. Nf3 Nc6 3. Bb5 a6 4. Ba4 Nf6 5. O-O Be7 6. Re1 b5 7. Bb3 O-O 8. d3
d6 9. c3 h6 10. Nbd2 Re8 11. a4 Bb7 12. Nf1 Bf8 13. axb5 axb5 14. Rxa8 Bxa8 15.
Ng3 Na5 16. Ba2 d5 17. b4 dxe4 18. Nd2 exd3 19. bxa5 c5 20. Qb3 Nd5 21. c4 Nb4
22. cxb5 Bd5 23. Nc4 Qd7 24. Bd2 Nxa2 25. Qxd3 Be6 26. Qxd7 Bxd7 27. b6 Bb5 28.
Nxe5 c4 29. Nxc4 Rxe1+ 30. Bxe1 Bxc4 31. b7 Bd6 32. Nf5 Bc7 33. Ne7+ Kf8 34.
Nc6 Nc1 35. b8=Q+ Bxb8 36. Nxb8 Ke8 37. a6 Ne2+ 38. Kh1 Bd5 39. a7 Nf4 40. f3
Kd8 41. Na6 Ne6 42. Kg1 Kc8 43. Nb4 Ba8 44. Bf2 Nd8 45. Bc5 g6 46. Kf2 Ne6 47.
Be3 g5 48. g4 Ng7 49. Nc2 Kd7 50. Bd4 Ne6 51. Be5 Ke7 52. Ne3 f6 53. Nf5+ Kf7
54. Bd6 Ke8 55. Ke3 Kd7 56. Bb8 Nd8 57. Nxh6 Nc6 58. f4 gxf4+ 59. Kxf4 Nd4 60.
h4 Ke6 61. Nf5 Ne2+ 62. Ke3 Nc3 63. Nd4+ Kf7 64. Kf4 Nd5+ 65. Kg3 Nc3 66. Nf5
Ke6 67. Nd6 Ke7 68. Nc8+ 1-0

[Event "Arnold Cup"]
[Site "Gausdal"]
[Date "1992.??.??"]
[Round "6"]
[White "Adianto, Utut"]
[Black "Kharlov, Andrei"]
[Result "1/2-1/2"]
[WhiteElo "2475"]
[BlackElo "2555"]
[PlyCount "93"]
[EventDate "1992.04.??"]
[EventType "swiss"]
[EventRounds "9"]
[EventCountry "NOR"]
[SourceTitle "TD"]
[Source "ChessBase"]
[SourceDate "1994.03.01"]
[SourceVersion "1"]
[SourceVersionDate "1994.03.01"]
[SourceQuality "1"]

1. d4 d5 2. c4 e6 3. Nf3 c6 4. Qb3 Nf6 5. g3 dxc4 6. Qxc4 b5 7. Qc2 Bb7 8. Bg2
Nbd7 9. O-O c5 10. Bg5 Rc8 11. Qb3 a6 12. dxc5 Nxc5 13. Qe3 Nd5 14. Qd2 f6 15.
Be3 Ne4 16. Qd3 Nxe3 17. fxe3 Nc5 18. Qxd8+ Rxd8 19. Nbd2 Na4 20. Rac1 Nxb2 21.
Rc7 Bd5 22. e4 Ba8 23. Bh3 Bd6 24. Rc2 Na4 25. Bxe6 Ke7 26. Bh3 g6 27. Nd4 b4
28. e3 Nc3 29. a3 a5 30. axb4 axb4 31. Ra1 Bc5 32. N2b3 Bb6 33. Bg2 Rd6 34. e5
fxe5 35. Bxa8 exd4 36. exd4 Nb5 37. Re2+ Kf6 38. Kg2 Nxd4 39. Nxd4 Bxd4 40.
Rf1+ Kg7 41. Re7+ Kh6 42. Be4 Rf6 43. Rxf6 Bxf6 44. Rb7 Bc3 45. h4 Re8 46. Bd5
Be1 47. Bc4 1/2-1/2

[Event "Arnold Cup"]
[Site "Gausdal"]
[Date "1992.??.??"]
[Round "7"]
[White "Kharlov, Andrei"]
[Black "Westerinen, Heikki"]
[Result "1-0"]
[WhiteElo "2555"]
[BlackElo "2390"]
[PlyCount "81"]
[EventDate "1992.04.??"]
[EventType "swiss"]
[EventRounds "9"]
[EventCountry "NOR"]
[SourceTitle "TD"]
[Source "ChessBase"]
[SourceDate "1994.03.01"]
[SourceVersion "1"]
[SourceVersionDate "1994.03.01"]
[SourceQuality "1"]

1. e4 d5 2. exd5 Qxd5 3. Nc3 Qa5 4. Nf3 Nf6 5. Bc4 Bf5 6. b4 Qb6 7. O-O e6 8.
d3 Be7 9. Bf4 O-O 10. Nb5 Na6 11. a3 Nd5 12. Be5 Bf6 13. Qe1 Rad8 14. h3 c6 15.
Nbd4 Bg6 16. Rb1 Bxe5 17. Qxe5 Nb8 18. Nb3 Nd7 19. Qg3 Qc7 20. Qxc7 Nxc7 21.
Na5 Rb8 22. Rfe1 Rfc8 23. Nd4 Kf8 24. g4 e5 25. Nf3 f6 26. d4 e4 27. Nh4 Nd5
28. Bf1 Re8 29. Rb3 Re6 30. c4 Nf4 31. Rbe3 b6 32. Nb3 Rbe8 33. Nd2 Rd6 34.
Ndf3 f5 35. gxf5 Bh5 36. Rxe4 Rxe4 37. Rxe4 Bxf3 38. Nxf3 Nh5 39. Ng5 Ndf6 40.
Re6 Rxd4 41. Rxf6+ 1-0

[Event "Arnold Cup"]
[Site "Gausdal"]
[Date "1992.??.??"]
[Round "8"]
[White "Motwani, Paul"]
[Black "Kharlov, Andrei"]
[Result "0-1"]
[WhiteElo "2500"]
[BlackElo "2555"]
[PlyCount "80"]
[EventDate "1992.04.??"]
[EventType "swiss"]
[EventRounds "9"]
[EventCountry "NOR"]
[SourceTitle "TD"]
[Source "ChessBase"]
[SourceDate "1994.03.01"]
[SourceVersion "1"]
[SourceVersionDate "1994.03.01"]
[SourceQuality "1"]

1. e4 c5 2. c3 d5 3. exd5 Qxd5 4. d4 Nf6 5. Be3 cxd4 6. cxd4 Bg4 7. Nc3 Bxd1 8.
Nxd5 Nxd5 9. Kxd1 e6 10. Nf3 Nd7 11. Bd3 Bd6 12. Ke2 h6 13. Rac1 Ke7 14. Nd2
N7f6 15. Ne4 Rac8 16. Nxd6 Kxd6 17. Bd2 Nd7 18. Bc4 Nb8 19. Kd3 Nc6 20. Bxd5
Kxd5 21. Rc5+ Kd6 22. Rb5 b6 23. Re1 Rhd8 24. Bc3 Kc7 25. Ke4 g6 26. Rd1 a6 27.
Rb3 Rd5 28. Rd3 Rcd8 29. f4 b5 30. Ke3 a5 31. a3 a4 32. Rb4 g5 33. fxg5 hxg5
34. h3 e5 35. g4 Rh8 36. Ke4 Nxb4 37. axb4 Kc6 38. Rf3 exd4 39. Bd2 d3 40. Rxf7
Re8+ 0-1

[Event "Neu Isenburg op"]
[Site "Neu Isenburg"]
[Date "1992.04.24"]
[Round "3"]
[White "Bezold, Michael"]
[Black "Kharlov, Andrei"]
[Result "1-0"]
[WhiteElo "2345"]
[BlackElo "2545"]
[PlyCount "53"]
[EventDate "1992.04.24"]
[EventType "swiss (rapid)"]
[EventRounds "11"]
[EventCountry "GER"]
[SourceTitle "EXT 2003"]
[Source "ChessBase"]
[SourceDate "2002.11.25"]
[SourceVersion "1"]
[SourceVersionDate "2002.11.25"]
[SourceQuality "1"]

1. g3 e5 2. Bg2 Nf6 3. c4 d5 4. cxd5 Nxd5 5. Nf3 Nc6 6. O-O Be7 7. d4 exd4 8.
Nxd4 Nxd4 9. Qxd4 c6 10. Qxg7 Bf6 11. Qh6 Be6 12. e4 Nb4 13. Nc3 Qe7 14. Qh5
O-O-O 15. e5 Qc5 16. Ne4 Qxe5 17. Nxf6 Qxf6 18. Qa5 Nc2 19. Bg5 Qxb2 20. Rab1
Qa3 21. Qe5 Nb4 22. Bf4 Na6 23. Bxc6 bxc6 24. Rb8+ Kd7 25. Rd1+ Bd5 26. Rb7+
Kc8 27. Qb8+ 1-0